00864nam a2200241 i 450000100060000000300090000600500170001500700030003200800410003502000180007608000100009410000800010424500910018425000240027526000400029930000470033949000190038665000180040583000270042385200330045099900170048395201220050073270ES-MaACL20250920063046.0t|040923s2004 sp ||||1| spa d a84-270-3008-8 a663.20 aFalcó Fernández de Córdova, Carlos, cMarqués de Griñón94870110aEntender de vino / cCarlos Falcó Fernández de Córdova, Marqués de Griñón. a1ª ed. rev. y act. aMadrid : bMartínez Roca, c2004. a281 p. : bil. col. y n., graf. ; c23 cm.1 aMR prácticos14aVinos.9178100 aMR prácticos9231159 aES-MaACLjL-28102 bR.134020 c73270d73270 00104070aATENEOMbATENEOMcDEPO2d2008-01-17eSCl0oL-28102p1076698r2023-02-23 00:00:00w2023-02-23yMONOGRAFIA